[Event "Russian city in HollanD?"]
[Site "SchemingMind.com"]
[Date "2009.07.30"]
[Round "-"]
[White "Schaakmaatje"]
[Black "jl1234"]
[Result "0-1"]
[WhiteCountry "NED"]
[BlackCountry "POL"]
[WhiteElo "1671"]
[WhiteRD "49"]
[BlackElo "1835"]
[BlackRD "73"]
[GameID "213829"]

1. d4 f5 2. g3 Nf6 3. Bg2 g6 4. Nf3 Bg7 5. O-O O-O 6. c4 d6 7. Nc3 Nc6 8. Re1 Nh5 9. e4 f4 10. e5 fxg3
11. fxg3 Bg4 12. Rf1 dxe5 13. Qd3 Bf5 14. Qe2 exd4 15. Nd5 e6 16. Bg5 Qd7 17. Nf4 Nxf4 18. Bxf4 d3 19. Qd2 e5 20. Be3 Bf6
21. Ng5 Rab8 22. Bd5+ Kh8 23. Ne4 Ne7 24. Nc5 Qc8 25. Nxd3 c6 26. g4 Bxd3 27. Qxd3 cxd5 28. cxd5 Qxg4+ 29. Kh1 e4 30. Qd1 Qxd1
31. Raxd1 b6 32. d6 Nf5 33. Bf4 g5 34. Bc1 Be5 35. d7 Bc7 36. Bxg5 Nd6 37. Be7 Rxf1+ 38. Rxf1 Kg7 39. Rc1 Bd8 40. Bxd6 Rb7
41. Rg1+ Kf7 42. Re1 Rxd7 43. Bb4 Rd4 44. Bc3 Rc4 45. Kg2 Be7 46. Rf1+ Ke6 47. h3 e3 48. Re1 Bg5 49. Kf3 Rh4 50. Rh1 Rf4+
51. Ke2 Rf2+ 52. Kd3 Kd5 53. Rg1 Bh6 54. Bd4 Rd2+
0-1

[Event "Russian city in HollanD?"]
[Site "SchemingMind.com"]
[Date "2009.07.30"]
[Round "-"]
[White "jl1234"]
[Black "Schaakmaatje"]
[Result "1/2-1/2"]
[WhiteCountry "POL"]
[BlackCountry "NED"]
[WhiteElo "1818"]
[WhiteRD "74"]
[BlackElo "1674"]
[BlackRD "50"]
[GameID "213830"]

1. d4 f5 2. g3 Nf6 3. Bg2 g6 4. Nf3 Bg7 5. O-O O-O 6. c4 d6 7. Nc3 Nc6 8. Ng5 h6 9. d5 hxg5 10. dxc6 bxc6
11. Bxg5 Bb7 12. Qb3 Rb8 13. Qa4 d5 14. Qxa7 d4 15. Nd1 e5 16. c5 e4 17. Qa4 Qd7 18. Qc2 Ba6 19. Re1 Nd5 20. Rc1 Rb4
21. a3 d3 22. Qd2 Rbb8 23. exd3 Bxd3 24. Bf1 Rb3 25. Bxd3 Rxd3 26. Qc2 Rb8 27. Qc4 Kh7 28. Re2 Rbb3 29. Kg2 Rb5 30. Qa4 Qc8
31. b4 Qe8=
1/2-1/2

[Event "Russian city in HollanD?"]
[Site "SchemingMind.com"]
[Date "2009.08.12"]
[Round "-"]
[White "caenbaes"]
[Black "simon_w"]
[Result "0-1"]
[WhiteCountry "MEX"]
[BlackCountry "IRL"]
[WhiteElo "1510"]
[WhiteRD "133"]
[BlackElo "1938"]
[BlackRD "78"]
[GameID "215631"]

1. d4 f5 2. g3 Nf6 3. Bg2 g6 4. Nf3 Bg7 5. O-O O-O 6. c4 d6 7. Nc3 Nc6 8. Bg5 h6 9. Bxf6 Bxf6 10. d5 Ne5
0-1

[Event "Russian city in HollanD?"]
[Site "SchemingMind.com"]
[Date "2009.08.16"]
[Round "-"]
[White "lontjr"]
[Black "aadaam"]
[Result "0-1"]
[WhiteCountry "USA"]
[BlackCountry "INT"]
[WhiteElo "1520"]
[WhiteRD "114"]
[BlackElo "1811"]
[BlackRD "54"]
[GameID "216183"]

1. d4 f5 2. g3 Nf6 3. Bg2 g6 4. Nf3 Bg7 5. O-O O-O 6. c4 d6 7. Nc3 c6 8. d5 e5 9. dxe6 Bxe6 10. Qd3 Re8
11. e3 Nbd7 12. Qxd6 Qe7 13. Qxe7 Rxe7 14. b3 Ne4 15. Bb2 Nxc3 16. Bxc3 Bxc3 17. Rac1 Ba5 18. Rfd1 Nf6 19. Rd4 Rae8 20. Rcd1 b5
21. a3 Bb6 22. Rf4 h6 23. Rh4 Kg7 24. cxb5 cxb5 25. b4 g5 26. Rhd4 Bxd4 27. Rxd4 Ne4 28. h3 Rd7
0-1

[Event "Russian city in HollanD?"]
[Site "SchemingMind.com"]
[Date "2009.08.16"]
[Round "-"]
[White "aadaam"]
[Black "lontjr"]
[Result "1-0"]
[WhiteCountry "INT"]
[BlackCountry "USA"]
[WhiteElo "1811"]
[WhiteRD "54"]
[BlackElo "1520"]
[BlackRD "114"]
[GameID "216186"]

1. d4 f5 2. g3 Nf6 3. Bg2 g6 4. Nf3 Bg7 5. O-O O-O 6. c4 d6 7. Nc3 Qe8 8. Bg5 c6 9. Bxf6 Bxf6 10. e3 Nd7
11. Qc2 Nb6 12. b3 e5 13. Rad1 e4 14. c5 dxc5 15. Nd2 Be6 16. dxc5 Nd5 17. Nxd5 cxd5 18. b4 Rc8 19. Nb3 Bd7 20. Qe2 a6
21. Rfe1 Bb5 22. Qd2 Bc4 23. Nd4 Rf7 24. Bf1 Rd7 25. Bxc4 dxc4 26. Qc3 b5 27. cxb6 Rb7 28. a3 Rxb6 29. Qc2 Qe5 30. Rc1 Qc7
31. Red1 Bxd4 32. Rxd4 Rc6 33. Qd1 c3 34. Qb3+ Kg7 35. a4 Rc4 36. Rxc4 Qxc4 37. Qa3 Qe2 38. Qa1 Qd3 39. b5 a5 40. Rd1 Qc4
41. Rd4 Qb3 42. Kf1 c2 43. Rc4+
1-0

[Event "Russian city in HollanD?"]
[Site "SchemingMind.com"]
[Date "2009.08.18"]
[Round "-"]
[White "Henry G-R"]
[Black "Finan"]
[Result "0-1"]
[WhiteCountry "ENG"]
[BlackCountry "USA"]
[WhiteElo "1166"]
[WhiteRD "90"]
[BlackElo "1727"]
[BlackRD "98"]
[GameID "216420"]

1. d4 f5 2. g3 Nf6 3. Bg2 g6 4. Nf3 Bg7 5. O-O O-O 6. c4 d6 7. Nc3 Nc6 8. b3 a6 9. a3 e6 10. d5 exd5
11. Nxd5 Nxd5 12. cxd5 Ne7 13. Ra2 Bd7 14. Ng5 Bf6 15. Nf3 c6 16. Be3 Nxd5 17. Rd2 Nxe3 18. fxe3 d5 19. b4 Qb6 20. Rd3 Rfe8
21. Qd2 Qb5 22. h4 a5 23. Bh3 Re4 24. Nd4 Bxd4 25. Rxd4 Rxd4 26. Qxd4 Qxe2 27. Qf6= Qxe3+ 28. Rf2 Qxg3+ 29. Rg2 Qe3+ 30. Rf2 Re8
31. Kg2 d4 32. Qg5 Qxg5+ 33. Kh2 Qxh4
0-1

[Event "Russian city in HollanD?"]
[Site "SchemingMind.com"]
[Date "2009.08.18"]
[Round "-"]
[White "Finan"]
[Black "Henry G-R"]
[Result "1-0"]
[WhiteCountry "USA"]
[BlackCountry "ENG"]
[WhiteElo "1646"]
[WhiteRD "108"]
[BlackElo "1252"]
[BlackRD "91"]
[GameID "216428"]

1. d4 f5 2. g3 Nf6 3. Bg2 g6 4. Nf3 Bg7 5. O-O O-O 6. c4 d6 7. Nc3 c5 8. Nd5 Nxd5 9. cxd5 b6 10. Be3 cxd4
11. Nxd4 Bb7 12. Ne6 Qe8 13. Nxf8 Qxf8 14. Qb3 Na6 15. Rac1 Nc7 16. Rxc7 Rc8 17. Rxb7 Qf6 18. Rxa7 Rf8 19. Bxb6 Kh8 20. Qc3 Qxc3
21. bxc3 Bxc3 22. Rxe7 Kg8 23. Rc1 Rb8 24. Rxc3 Rxb6 25. Rc8#
1-0

[Event "Russian city in HollanD?"]
[Site "SchemingMind.com"]
[Date "2009.08.24"]
[Round "-"]
[White "jtrochez1"]
[Black "lemmie"]
[Result "0-1"]
[WhiteCountry "HON"]
[BlackCountry "NED"]
[WhiteElo "1610"]
[WhiteRD "50"]
[BlackElo "1589"]
[BlackRD "50"]
[GameID "217009"]

1. d4 f5 2. g3 Nf6 3. Bg2 g6 4. Nf3 Bg7 5. O-O O-O 6. c4 d6 7. Nc3 Qe8 8. e3 c5 9. d5 Nbd7 10. Re1 a6
11. Rb1 Rb8 12. Ng5 Nb6 13. b3 Ng4 14. Bb2 h6 15. Nf3 Ne5 16. Nxe5 Bxe5 17. f4 Bg7 18. e4 fxe4 19. Nxe4 Bxb2 20. Rxb2 Qf7
21. Rf2 Bf5 22. Bf3 Rbe8 23. g4 Bc8 24. f5 g5 25. h4 Qg7 26. h5 Nd7 27. Bg2 Nf6 28. Nxf6+ exf6 29. Rxe8 Rxe8 30. Re2 Qf7
31. Be4 Re5 32. Kf2 Bd7 33. Qd2 Qe8 34. Kf3 b5 35. Qa5 bxc4 36. bxc4 Bc8 37. Qc7 Qf8 38. Rb2 Re7 39. Qxd6 Qe8 40. Qxf6 Rxe4
41. Qg6+ Qxg6 42. fxg6 Rxg4 43. Rh2 Rxc4 44. Ke3 Rd4 45. Rd2 Rh4 46. d6 Bd7 47. Rd5 c4 48. Re5 Rh3+ 49. Kd2 Rd3+ 50. Kc1 Rxd6
51. Kc2 Bb5 52. Re3 Rd3 53. Rxd3 cxd3+ 54. Kd2 Kg7 55. a3 Kf6 56. Ke3 Ke5 57. g7 Bc4 58. Kd2 Ke4 59. a4 Kd4 60. a5 g4
61. Ke1 Ke3 62. g8=Q Bxg8
0-1

[Event "Russian city in HollanD?"]
[Site "SchemingMind.com"]
[Date "2009.08.22"]
[Round "-"]
[White "lemmie"]
[Black "jtrochez1"]
[Result "1-0"]
[WhiteCountry "NED"]
[BlackCountry "HON"]
[WhiteElo "1589"]
[WhiteRD "50"]
[BlackElo "1610"]
[BlackRD "50"]
[GameID "217013"]

1. d4 f5 2. g3 Nf6 3. Bg2 g6 4. Nf3 Bg7 5. O-O O-O 6. c4 d6 7. Nc3 c6 8. d5 c5 9. Qc2 Bd7 10. Bf4 Be8
11. Qb3 b6 12. Ng5 Bf7 13. Ne6 Bxe6 14. dxe6 Nc6 15. Bxc6 Rb8 16. Rad1 Ne8 17. Nd5 Kh8 18. Bg5 Nf6 19. Rd2 Nxd5 20. Bxd5 h6
21. Be3 g5 22. Rd3 Qe8 23. Bd2 Qg6 24. Bc3 Bxc3 25. Qxc3+ Qf6 26. Qa3 g4 27. b3 a5 28. f3 Rg8 29. Qa4 h5 30. Qa3 Rbf8
31. Qc1 Qg6 32. Qc3+ Qg7 33. Qd2 Kh7 34. e4 f4 35. fxg4 Qxg4 36. Rdf3 Qg5 37. Rxf4 Rxf4 38. Qxf4 Qxf4 39. Rxf4 Kg6 40. Rf7 Re8
41. Bc6 Rc8 42. Bd7 Rd8 43. Rxe7 Kf6 44. Rh7 Kg6 45. e7
1-0

[Event "Russian city in HollanD?"]
[Site "SchemingMind.com"]
[Date "2009.08.30"]
[Round "-"]
[White "baobab"]
[Black "rocknrook"]
[Result "1-0"]
[WhiteCountry "ITA"]
[BlackCountry "USA"]
[WhiteElo "1685"]
[WhiteRD "92"]
[BlackElo "1325"]
[BlackRD "117"]
[GameID "217812"]

1. d4 f5 2. g3 Nf6 3. Bg2 g6 4. Nf3 Bg7 5. O-O O-O 6. c4 d6 7. Nc3 Bd7 8. Bg5 h6 9. Bf4 Kf7 10. Re1 Rh8
11. e4 g5 12. e5 g4 13. Nd2 Ne4 14. Ndxe4 Qg8 15. Nd2 h5 16. Qc2 Be6 17. Bd5 c6 18. Bg2 h4 19. d5 Bd7 20. e6+ Kf8
21. exd7 Nxd7 22. Qxf5+ Nf6 23. dxc6 Qh7 24. Qxh7 Rxh7 25. cxb7 Rb8 26. c5 Bh6 27. Bxh6+ Rxh6 28. c6 Ne8 29. Nd5 e6 30. c7 Nxc7
31. Nxc7 Ke7 32. Na6 hxg3 33. fxg3 Rbh8 34. Rac1 e5 35. b8=Q Rxb8 36. Nxb8
1-0

[Event "Russian city in HollanD?"]
[Site "SchemingMind.com"]
[Date "2009.08.30"]
[Round "-"]
[White "rocknrook"]
[Black "baobab"]
[Result "0-1"]
[WhiteCountry "USA"]
[BlackCountry "ITA"]
[WhiteElo "1325"]
[WhiteRD "117"]
[BlackElo "1685"]
[BlackRD "92"]
[GameID "217818"]

1. d4 f5 2. g3 Nf6 3. Bg2 g6 4. Nf3 Bg7 5. O-O O-O 6. c4 d6 7. Nc3 c6 8. Ng5 e5 9. Qb3 Ne8 10. c5+ d5
11. e3 Qxg5 12. Qd1 Nd7 13. h4 Qf6 14. Bf3 exd4 15. Ne2 Nxc5 16. b4 dxe3 17. Bxe3 Ne4 18. Bd4 Qd6 19. Qc1 Qxb4 20. Rb1 Qe7
21. Qf4 Bxd4 22. Nxd4 Ng7 23. Qh6 Ne6 24. Nb3 Bd7 25. Kg2 N6c5 26. Na5 b6 27. Nb3 Nxb3 28. axb3 Qb4 29. h5 Be8 30. hxg6 Bxg6
31. Rh1 Qd2 32. Bxe4 Qxh6 33. Rxh6 fxe4 34. g4 Rf3
0-1

[Event "Russian city in HollanD?"]
[Site "SchemingMind.com"]
[Date "2009.09.02"]
[Round "-"]
[White "capablanca"]
[Black "heypeople"]
[Result "1-0"]
[WhiteCountry "GER"]
[BlackCountry "USA"]
[WhiteElo "1643"]
[WhiteRD "57"]
[BlackElo "1293"]
[BlackRD "112"]
[GameID "218279"]

1. d4 f5 2. g3 Nf6 3. Bg2 g6 4. Nf3 Bg7 5. O-O O-O 6. c4 d6 7. Nc3 d5 8. cxd5 Nxd5 9. Nxd5 Qxd5 10. Bf4 Qd7
11. e3 Nc6 12. Rb1 Re8 13. d5 Nb4 14. Be5 Nxd5 15. Bxg7 Kxg7 16. Ne5 Qd6 17. Qxd5 c6 18. Qxd6 exd6 19. Nd3 Be6 20. b3 d5
21. Rbc1 Bd7 22. Nc5 Bc8 23. Rfd1 b6 24. Nd3 Bd7 25. Nb4
1-0

[Event "Russian city in HollanD?"]
[Site "SchemingMind.com"]
[Date "2009.09.02"]
[Round "-"]
[White "heypeople"]
[Black "capablanca"]
[Result "0-1"]
[WhiteCountry "USA"]
[BlackCountry "GER"]
[WhiteElo "1293"]
[WhiteRD "112"]
[BlackElo "1643"]
[BlackRD "57"]
[GameID "218285"]

1. d4 f5 2. g3 Nf6 3. Bg2 g6 4. Nf3 Bg7 5. O-O O-O 6. c4 d6 7. Nc3 c5 8. e3 cxd4 9. exd4 Nbd7 10. Re1 Re8
11. b3 e5 12. dxe5 dxe5 13. Bb2 e4 14. Nd4 Ne5 15. Na4 Nd3 16. Re2 Nxb2 17. Nxb2 Ng4 18. Nb5 Qb6 19. h3 Nxf2 20. Rxf2 Bxb2
21. Rb1 Be5 22. Kf1 Bxg3 23. Rd2 f4 24. Nd6 Re6
0-1

[Event "Russian city in HollanD?"]
[Site "SchemingMind.com"]
[Date "2009.09.17"]
[Round "-"]
[White "baobab"]
[Black "maro"]
[Result "1-0"]
[WhiteCountry "ITA"]
[BlackCountry "MEX"]
[WhiteElo "1685"]
[WhiteRD "92"]
[BlackElo "1331"]
[BlackRD "48"]
[GameID "220168"]

1. d4 f5 2. g3 Nf6 3. Bg2 g6 4. Nf3 Bg7 5. O-O O-O 6. c4 d6 7. Nc3 d5 8. cxd5 Nxd5 9. Nxd5 Qxd5 10. Bg5 Nc6
11. e3 Bd7 12. Ne5 Nxe5 13. Bxd5+ e6 14. Bg2 Nc4 15. Qc2 h6 16. Bf4 b5 17. b3 Na3 18. Qxc7 Rad8 19. Bd6 Rfe8 20. Bxa3 a5
21. Bc5 Bf8 22. Bxf8 Rxf8 23. Qxa5
1-0

[Event "Russian city in HollanD?"]
[Site "SchemingMind.com"]
[Date "2009.09.17"]
[Round "-"]
[White "maro"]
[Black "baobab"]
[Result "0-1"]
[WhiteCountry "MEX"]
[BlackCountry "ITA"]
[WhiteElo "1331"]
[WhiteRD "48"]
[BlackElo "1685"]
[BlackRD "92"]
[GameID "220180"]

1. d4 f5 2. g3 Nf6 3. Bg2 g6 4. Nf3 Bg7 5. O-O O-O 6. c4 d6 7. Nc3 Nc6 8. d5 Nb4 9. a3 Na6 10. Be3 Ng4
11. Bd4 e5 12. dxe6 Bxe6 13. Bxg7 Kxg7 14. Qd4+ Kg8 15. h4 c5 16. Qd2 Nc7 17. Ng5 Rb8 18. Nd5 Bxd5 19. Bxd5+ Nxd5 20. Ne6 Qe7
21. Nxf8 Nb6 22. Nxg6 hxg6 23. a4 Nxc4 24. Qd5+ Qf7 25. Qd3 Rd8 26. Qc2 b6 27. Rae1 d5 28. b3 Na5 29. Qd3 Ne5 30. Qc2 d4
31. f4 Ng4 32. Rd1 Ne3
0-1

[Event "Russian city in HollanD?"]
[Site "SchemingMind.com"]
[Date "2009.10.29"]
[Round "-"]
[White "jl1234"]
[Black "aadaam"]
[Result "1/2-1/2"]
[WhiteCountry "POL"]
[BlackCountry "INT"]
[WhiteElo "1821"]
[WhiteRD "74"]
[BlackElo "1743"]
[BlackRD "69"]
[GameID "224172"]

1. d4 f5 2. g3 Nf6 3. Bg2 g6 4. Nf3 Bg7 5. O-O O-O 6. c4 d6 7. Nc3 c6 8. Ng5 e5 9. d5 h6 10. Nh3 c5
11. Qc2 Nbd7 12. e4 fxe4 13. Nxe4 Qe7 14. f3 Nxe4 15. Qxe4 Qf7 16. Nf2 Nf6 17. Qd3 Bf5 18. Qd2 a6 19. a4 Rae8 20. Re1 Kh7
21. Ra3 Bd7 22. a5 Nh5 23. Ne4 Qe7 24. Qe2 Nf6 25. Bd2 Nxe4 26. fxe4 Rf7 27. Rf3 Ref8 28. Rxf7 Rxf7 29. Rf1 Ba4 30. Rxf7 Qxf7
31. Qe3 Be8 32. Qb3 Qd7 33. Bf3=
1/2-1/2

[Event "Russian city in HollanD?"]
[Site "SchemingMind.com"]
[Date "2009.10.29"]
[Round "-"]
[White "aadaam"]
[Black "jl1234"]
[Result "0-1"]
[WhiteCountry "INT"]
[BlackCountry "POL"]
[WhiteElo "1743"]
[WhiteRD "69"]
[BlackElo "1821"]
[BlackRD "74"]
[GameID "224180"]

1. d4 f5 2. g3 Nf6 3. Bg2 g6 4. Nf3 Bg7 5. O-O O-O 6. c4 d6 7. Nc3 Ne8 8. e4 c6 9. Re1 Be6 10. d5 fxe4
11. Nxe4 Bg4 12. h3 Bd7 13. Nfg5 Qc8 14. g4 Be5
0-1

[Event "Russian city in HollanD?"]
[Site "SchemingMind.com"]
[Date "2009.11.03"]
[Round "-"]
[White "andu"]
[Black "Finan"]
[Result "1-0"]
[WhiteCountry "AUT"]
[BlackCountry "USA"]
[WhiteElo "2142"]
[WhiteRD "52"]
[BlackElo "1657"]
[BlackRD "84"]
[GameID "225241"]

1. d4 f5 2. g3 Nf6 3. Bg2 g6 4. Nf3 Bg7 5. O-O O-O 6. c4 d6 7. Nc3 Nbd7 8. Ng5 Nb8 9. Qb3 c6 10. d5 c5
11. Ne6 Bxe6 12. dxe6 Qb6 13. Bxb7 Qxb3 14. axb3 Nc6 15. Bxc6 Rab8 16. Rxa7 Rfc8 17. Bb5 Bf8 18. Bg5 Kg7 19. Bxf6+ Kxf6 20. Nd5+ Kxe6
21. Bd7+ Kf7 22. Bxc8 Rxc8 23. e4 Rb8 24. exf5 Rxb3 25. f6
1-0

[Event "Russian city in HollanD?"]
[Site "SchemingMind.com"]
[Date "2009.11.04"]
[Round "-"]
[White "Finan"]
[Black "andu"]
[Result "0-1"]
[WhiteCountry "USA"]
[BlackCountry "AUT"]
[WhiteElo "1657"]
[WhiteRD "84"]
[BlackElo "2142"]
[BlackRD "52"]
[GameID "225244"]

1. d4 f5 2. g3 Nf6 3. Bg2 g6 4. Nf3 Bg7 5. O-O O-O 6. c4 d6 7. Nc3 Nc6 8. d5 Na5 9. Qa4 c5 10. dxc6 Nxc6
11. Rd1 Ne4 12. Nxe4 fxe4 13. Ng5 Nd4 14. Re1 Bd7 15. Qd1 Kh8 16. Nxe4 Rc8 17. Qd3 b5 18. b3 Nxb3 19. Rb1 bxc4 20. Qc2 Nxc1
21. Rexc1 Bf5 22. Qa4 d5 23. Rd1 c3 24. Rbc1 Bd7 25. Qxa7 Rc7 26. Qb6 dxe4 27. Bxe4 Qb8 28. Qa5 Qa7 29. Qxa7 Rxa7 30. Rc2 Ba4
0-1

[Event "Russian city in HollanD?"]
[Site "SchemingMind.com"]
[Date "2009.11.10"]
[Round "-"]
[White "slotheman"]
[Black "lemmie"]
[Result "1-0"]
[WhiteCountry "USA"]
[BlackCountry "NED"]
[WhiteElo "1583"]
[WhiteRD "101"]
[BlackElo "1630"]
[BlackRD "48"]
[GameID "226109"]

1. d4 f5 2. g3 Nf6 3. Bg2 g6 4. Nf3 Bg7 5. O-O O-O 6. c4 d6 7. Nc3 Nc6 8. Re1 Bd7 9. e4 e6 10. a3 Ng4
11. Bg5 Bf6 12. Qd2 Na5 13. Bxf6 Nxf6 14. Qd3 b6 15. d5 e5 16. b4 Nb7 17. Rac1 fxe4 18. Nxe4 Nxe4 19. Qxe4 Bf5 20. Qe3 Qd7
21. Qh6 Nd8 22. c5 bxc5 23. bxc5 Nf7 24. c6 Nxh6 25. cxd7 Bxd7 26. Rxc7 Bg4 27. Ng5 Nf7 28. Ne4 Rfd8 29. Nf6+ Kf8 30. Nxg4 a5
31. Rec1 Kg7 32. Nh6 Kxh6 33. Rxf7 Rab8 34. Be4 Rb3 35. Rcc7 Rh8 36. a4 Rb4 37. Bc2 Rd4 38. h4 Rxd5 39. Be4 Rd4 40. Bf3 Rxa4
41. g4
1-0

[Event "Russian city in HollanD?"]
[Site "SchemingMind.com"]
[Date "2009.11.10"]
[Round "-"]
[White "lemmie"]
[Black "slotheman"]
[Result "1-0"]
[WhiteCountry "NED"]
[BlackCountry "USA"]
[WhiteElo "1630"]
[WhiteRD "48"]
[BlackElo "1583"]
[BlackRD "101"]
[GameID "226122"]

1. d4 f5 2. g3 Nf6 3. Bg2 g6 4. Nf3 Bg7 5. O-O O-O 6. c4 d6 7. Nc3 Na6 8. a3 c5 9. d5 Bd7 10. Re1 Nc7
11. Ng5 Rb8 12. Bf4 b5 13. e4 bxc4 14. e5 dxe5 15. Bxe5 e6 16. d6 Nb5 17. Nxb5 Rxb5 18. Qc2 Nd5 19. Bxg7 Kxg7 20. Rxe6 Qxg5
21. Qxc4 Bxe6 22. Qxb5 Qd2 23. d7 Nb6 24. Qxc5 Qxb2 25. Re1 Bxd7 26. Re7+ Rf7 27. Bf1 Qa1 28. h4= Qd1 29. Re3 f4 30. Qe5+ Kf8
31. Qh8#
1-0

[Event "Russian city in HollanD?"]
[Site "SchemingMind.com"]
[Date "2009.12.19"]
[Round "-"]
[White "andu"]
[Black "simon_w"]
[Result "1-0"]
[WhiteCountry "AUT"]
[BlackCountry "IRL"]
[WhiteElo "2184"]
[WhiteRD "55"]
[BlackElo "1933"]
[BlackRD "74"]
[GameID "230901"]

1. d4 f5 2. g3 Nf6 3. Bg2 g6 4. Nf3 Bg7 5. O-O O-O 6. c4 d6 7. Nc3 Nc6 8. d5 Na5 9. Qd3 c5 10. Bg5 a6
11. Rab1 Rb8 12. b4 cxb4 13. Rxb4 b5 14. cxb5 axb5 15. Nd4 Qd7 16. Ne6 Re8 17. a4
1-0

[Event "Russian city in HollanD?"]
[Site "SchemingMind.com"]
[Date "2009.12.19"]
[Round "-"]
[White "simon_w"]
[Black "andu"]
[Result "0-1"]
[WhiteCountry "IRL"]
[BlackCountry "AUT"]
[WhiteElo "1923"]
[WhiteRD "79"]
[BlackElo "2190"]
[BlackRD "56"]
[GameID "230911"]

1. d4 f5 2. g3 Nf6 3. Bg2 g6 4. Nf3 Bg7 5. O-O O-O 6. c4 d6 7. Nc3 Qe8 8. b3 Nc6 9. Ba3 Ne4 10. Nd5 Qd8
11. Rc1 e6 12. Ne3 a5 13. Nd2 Nxd2 14. Qxd2 Nxd4 15. Bb2 c5 16. Nc2 Nxe2+ 17. Qxe2 Bxb2 18. Rcd1 f4 19. Ne1 Bg7 20. Qd2 Ra6
0-1

[Event "Russian city in HollanD?"]
[Site "SchemingMind.com"]
[Date "2009.12.18"]
[Round "-"]
[White "capablanca"]
[Black "jl1234"]
[Result "0-1"]
[WhiteCountry "GER"]
[BlackCountry "POL"]
[WhiteElo "1616"]
[WhiteRD "52"]
[BlackElo "1821"]
[BlackRD "74"]
[GameID "231340"]

1. d4 f5 2. g3 Nf6 3. Bg2 g6 4. Nf3 Bg7 5. O-O O-O 6. c4 d6 7. Nc3 Ng4 8. h3 Nf6 9. Bg5 c6 10. Re1 Ne4
11. Nxe4 fxe4 12. Nh2 d5 13. cxd5 cxd5 14. Qb3 Bxd4 15. Bxe7 Bxf2+ 16. Kh1 Qxe7 17. Rf1 Nc6 18. Qxd5+ Kg7 19. Bxe4 Bxh3 20. Rfd1 Rad8
21. Qc4 Rxd1+ 22. Rxd1 Rd8 23. Rc1 Rd4
0-1

[Event "Russian city in HollanD?"]
[Site "SchemingMind.com"]
[Date "2009.12.18"]
[Round "-"]
[White "jl1234"]
[Black "capablanca"]
[Result "1-0"]
[WhiteCountry "POL"]
[BlackCountry "GER"]
[WhiteElo "1821"]
[WhiteRD "74"]
[BlackElo "1616"]
[BlackRD "52"]
[GameID "231346"]

1. d4 f5 2. g3 Nf6 3. Bg2 g6 4. Nf3 Bg7 5. O-O O-O 6. c4 d6 7. Nc3 c6 8. Ng5 e5 9. d5 c5 10. e4 fxe4
11. Ngxe4 Nxe4 12. Nxe4 Qe7 13. Bg5 Bf6 14. Nxf6+ Rxf6 15. Qf3 Rxf3 16. Bxe7 Rf7 17. Bxd6 Nd7 18. Bc7 Nf6 19. Bxe5 Bd7 20. Bxf6 Rxf6
21. Rfe1 Raf8 22. f4 Rd6 23. Re5 Re8 24. Rae1 Kf7 25. Rxe8 Bxe8 26. Bh3 Bd7 27. Bxd7 Rxd7 28. Re6 Re7 29. Rxe7+ Kxe7 30. Kf2 Kd6
31. Ke3 a6 32. Ke4
1-0

[Event "Russian city in HollanD?"]
[Site "SchemingMind.com"]
[Date "2010.01.27"]
[Round "-"]
[White "tyler_ensor"]
[Black "slotheman"]
[Result "1-0"]
[WhiteCountry "CAN"]
[BlackCountry "USA"]
[WhiteElo "1782"]
[WhiteRD "63"]
[BlackElo "1627"]
[BlackRD "101"]
[GameID "236728"]

1. d4 f5 2. g3 Nf6 3. Bg2 g6 4. Nf3 Bg7 5. O-O O-O 6. c4 d6 7. Nc3 Na6 8. Rb1 c5 9. d5 Nc7 10. b3 Rb8
11. Bb2 a6 12. Qd3 b5 13. Nd2 b4 14. Nd1 Bb7 15. e4 fxe4 16. Nxe4 Qd7 17. Ng5 Qe8 18. Bh3 e6 19. Nxe6 Rf7 20. Re1 Ncxd5
21. cxd5 Bxd5 22. Re2 Qc6 23. Nxg7 Kxg7 24. Rc1 a5 25. Ne3 Be4 26. Qd2 a4 27. Bg2 a3 28. Bxf6+ Rxf6 29. Bxe4 Qxe4 30. Nd5 Rxf2
31. Rxf2 h5 32. Re1 Qd4 33. Qxd4+ cxd4 34. Rd2 Rb5 35. Rxd4 g5 36. Ne7 Kf6 37. Rxb4 Rxb4 38. Nd5+ Kf5 39. Nxb4
1-0

[Event "Russian city in HollanD?"]
[Site "SchemingMind.com"]
[Date "2010.01.31"]
[Round "-"]
[White "slotheman"]
[Black "tyler_ensor"]
[Result "1-0"]
[WhiteCountry "USA"]
[BlackCountry "CAN"]
[WhiteElo "1648"]
[WhiteRD "100"]
[BlackElo "1759"]
[BlackRD "65"]
[GameID "236731"]

1. d4 f5 2. g3 Nf6 3. Bg2 g6 4. Nf3 Bg7 5. O-O O-O 6. c4 d6 7. Nc3 Qe8 8. b4 c6 9. b5 e5 10. dxe5 dxe5
11. e4 fxe4 12. Ng5 Bf5 13. Ba3 Nbd7 14. Bxf8 Nxf8 15. a4 e3 16. fxe3 Rd8 17. Qb3 cxb5 18. axb5 e4 19. Rxa7
1-0

[Event "Russian city in HollanD?"]
[Site "SchemingMind.com"]
[Date "2010.02.14"]
[Round "-"]
[White "baobab"]
[Black "andu"]
[Result "0-1"]
[WhiteCountry "ITA"]
[BlackCountry "AUT"]
[WhiteElo "1660"]
[WhiteRD "93"]
[BlackElo "2189"]
[BlackRD "66"]
[GameID "238322"]

1. d4 f5 2. g3 Nf6 3. Bg2 g6 4. Nf3 Bg7 5. O-O O-O 6. c4 d6 7. Nc3 Nc6 8. Bg5 Ne4 9. Nxe4 fxe4 10. Nd2 Nxd4
11. Nxe4 Kh8 12. e3 Nf5 13. Rb1 h6 14. Qd5 c6 15. Qd3 hxg5 16. Nxg5 Qa5 17. a3 Nxg3 18. Qxg6 Bf5 19. Nf7+ Rxf7 20. Qxf7 Nxf1
21. Rxf1 Bd3 22. Rd1 Bf6 23. Ra1 Rg8
0-1

[Event "Russian city in HollanD?"]
[Site "SchemingMind.com"]
[Date "2010.02.14"]
[Round "-"]
[White "andu"]
[Black "baobab"]
[Result "1-0"]
[WhiteCountry "AUT"]
[BlackCountry "ITA"]
[WhiteElo "2201"]
[WhiteRD "66"]
[BlackElo "1662"]
[BlackRD "88"]
[GameID "238327"]

1. d4 f5 2. g3 Nf6 3. Bg2 g6 4. Nf3 Bg7 5. O-O O-O 6. c4 d6 7. Nc3 Kh8 8. Bg5 Nc6 9. Qc2 Be6 10. d5 Nb4
11. Qb3 Bd7 12. Qxb4 Rb8 13. c5 a6 14. Qh4 dxc5 15. Ne5 Ng8 16. Nxg6#
1-0

[Event "Russian city in HollanD?"]
[Site "SchemingMind.com"]
[Date "2010.05.04"]
[Round "-"]
[White "jl1234"]
[Black "tyler_ensor"]
[Result "0-1"]
[WhiteCountry "POL"]
[BlackCountry "CAN"]
[WhiteElo "1716"]
[WhiteRD "76"]
[BlackElo "1800"]
[BlackRD "62"]
[GameID "246975"]

1. d4 f5 2. g3 Nf6 3. Bg2 g6 4. Nf3 Bg7 5. O-O O-O 6. c4 d6 7. Nc3 c6 8. Ng5 h6 9. Nh3 Qe8 10. Qb3 Kh8
11. e3 Nbd7 12. Nf4 Nb6 13. c5 dxc5 14. dxc5 e5 15. Nd3 Be6 16. Qb4 Bc4 17. cxb6 Bxd3 18. Rd1 e4 19. Bf1 Bxf1 20. Kxf1 a6
21. Bd2 Rf7 22. Ne2 Nd5 23. Qb3 Rd7 24. Bc3 Nxc3 25. Nxc3 Rad8 26. Rxd7 Rxd7 27. Rd1 Qd8 28. Rxd7 Qxd7 29. Qd1 Qxd1+ 30. Nxd1 Bf6
31. Nc3 Bd8 32. Na4 Kg7 33. Ke2 Kf6 34. Kd2 Ke5 35. Kc3 Kd5 36. b4 g5 37. Kb3 h5 38. Nc3+ Ke5 39. Na4 f4 40. Nc5 fxg3
41. fxg3 g4 42. a4 Kd5 43. a5 Bg5 44. Nxb7 Bxe3 45. Nc5 Bd4 46. Nxa6 e3 47. b7 Ba7 48. Nc5 e2 49. Nd3 Kd4 50. Ne1 Ke3
51. Kc2 Kf2 52. Kd2 Kf1 53. Nd3 Bb8 54. Ne1= h4 55. gxh4 Bf4+
0-1